Catálogo
 En Linea

Privatización de empresas públicas y rendimensionamiento del estado en la República Dominicana / (Registro nro. 25240)

Detalles MARC
000 -CABECERA
campo de control de longitud fija 01407nam a2200241 a 4500
001 - NÚMERO DE CONTROL
campo de control 000025748
005 - FECHA Y HORA DE LA ÚLTIMA TRANSACCIÓN
campo de control 20250512125213.0
008 - DATOS DE LONGITUD FIJA--INFORMACIÓN GENERAL
campo de control de longitud fija 110222s1993 dr 000 0 spa d
040 ## - FUENTE DE LA CATALOGACIÓN
Centro catalogador/agencia de origen DO-SdBNP
Lengua de catalogación spa
Centro/agencia transcriptor BNPHU
082 ## - NÚMERO DE LA CLASIFICACIÓN DECIMAL DEWEY
Número de clasificación 338.925
Número de documento/Ítem P961e
245 00 - MENCIÓN DE TÍTULO
Título Privatización de empresas públicas y rendimensionamiento del estado en la República Dominicana /
Mención de responsabilidad, etc. coordinación Andrés Dauhajre, Juan Lladó.
260 ## - PUBLICACIÓN, DISTRIBUCIÓN, ETC.
Lugar de publicación, distribución, etc. Santo Domingo :
Nombre del editor, distribuidor, etc. Fundación Economía y Desarrollo,
Fecha de publicación, distribución, etc. 1993.
300 ## - DESCRIPCIÓN FÍSICA
Extensión 555 p. ;
Dimensiones 23 cm.
500 ## - NOTA GENERAL
Nota general Este estudio fue realizado por un equipo de expertos contratados por la Fundación Economía y Desarrollo, Inc. bajo la coordinación general del Dr. Andrés Dauhajre, hijo y la dirección del Dr. Juan Lladó, investigador principal del estudio. La investigación fue posible gracias al alpyo económico recibido del Centro Internacional para el Desarrollo Económico (CINDE) y del Gobierno Dominicano a través de la Secretaría de Estado de Finanzas.
590 ## - NOTA LOCAL (RLIN)
Nota local Inventariado, 2019/MFF
650 #4 - PUNTO DE ACCESO ADICIONAL DE MATERIA--TÉRMINO DE MATERIA
Término de materia o nombre geográfico como elemento de entrada Privatización
Subdivisión geográfica República Dominicana
9 (RLIN) 6938
650 #4 - PUNTO DE ACCESO ADICIONAL DE MATERIA--TÉRMINO DE MATERIA
Término de materia o nombre geográfico como elemento de entrada Privatización
Subdivisión geográfica América Latina
9 (RLIN) 52550
651 #4 - PUNTO DE ACCESO ADICIONAL DE MATERIA--NOMBRE GEOGRÁFICO
Nombre geográfico República Dominicana
Subdivisión general Política Económica
9 (RLIN) 643
700 1# - PUNTO DE ACCESO ADICIONAL--NOMBRE DE PERSONA
Nombre de persona Dauhajre, Andrés
9 (RLIN) 6000
700 1# - PUNTO DE ACCESO ADICIONAL--NOMBRE DE PERSONA
Nombre de persona Lladó, Juan
9 (RLIN) 37138
710 2# - PUNTO DE ACCESO ADICIONAL--NOMBRE DE ENTIDAD CORPORATIVA
Nombre de entidad corporativa o nombre de jurisdicción como elemento de entrada Fundación Economía y Desarrollo (Santo Domingo, República Dominicana)
9 (RLIN) 87751
910 ## - DATOS DE OPCIÓN DEL USUARIO (OCLC)
Datos de opción del usuario Validado. Control de calidad MFF
Existencias
Estado de retiro Estado de pérdida No para préstamo Código de colección Localización permanente Ubicación/localización actual Ubicación en estantería Fecha de adquisición Número de inventario Total de préstamos Signatura topográfica completa Código de barras Fecha visto por última vez Precio válido a partir de Tipo de ítem Koha Número de copia
    Excluido de préstamo Patrimonio Dominicano Patrimonio Dominicano Patrimonio Dominicano Depósito 22.02.2011 LF1   338.925 P961e 25748-10 25.06.2020 25.06.2020 Libro y Folleto Colección Patrimonio Dominicano  
    Excluido de préstamo Patrimonio Dominicano Patrimonio Dominicano Patrimonio Dominicano Depósito 10.02.2015 LF1   338.925 P961e 25748-20 25.06.2020 25.06.2020 Libro y Folleto Colección Patrimonio Dominicano e. 2

Con tecnología Koha